000 00562nam a2200169Ia 4500
008 090124s9999 xx 000 0 und d
082 _b4339
100 _aदेशपांडे पांडुरंग हरि
245 _a सवाई गंधर्व
250 _a0
300 _a96
600 _aदेशपांडे पांडुरंग हरि
630 _a सवाई गंधर्व
700 _aदेशपांडे पांडुरंग हरि
730 _a सवाई गंधर्व
942 _cBOOK
999 _c83178
_d83178